000 00500cam a2200145 4500500
005 20260322004514.0
041 _afre
042 _adc
100 1 0 _aArnould, Paul
_eauthor
245 0 0 _aOlivier Lazzarotti, Vivent les vacances ! Tourisme et chansons
260 _c2023.
500 _a1
786 0 _nQuestions de communication | 42 | 2 | 2023-03-13 | p. 510-512 | 1633-5961
856 4 1 _uhttps://shs.cairn.info/revue-questions-de-communication-2022-2-page-510?lang=fr&redirect-ssocas=7080
999 _c1740898
_d1740898